Germanor : revista mensual catalana de la col·lectivitat catalana de Xile revista mensual catalana de la col·lectivitat catalana de Xile
MARC
| LEADER | 00000nas a2200000 a 4500 | ||
|---|---|---|---|
| 001 | 28054 | ||
| 003 | Arxiu | ||
| 005 | 20260324175558.0 | ||
| 008 | 160829d1912198 cl nxp cat c | ||
| 040 | |a AGDB | ||
| 080 | |a Revistes | ||
| 245 | 0 | 0 | |a Germanor : |b revista mensual catalana de la col·lectivitat catalana de Xile |
| 246 | 3 | 3 | |a Germanor : |b revista mesadera de la col·lectivitat catalana de Xile |
| 260 | |a Santiago de Xile : |b Centre Català de Xile, |c 1912-198? | ||
| 300 | |a 1 volum : |b il·lustracions, periodicitat irregular ; |c 31 cm | ||
| 310 | |a Irregular | ||
| 590 | |a Mensual, després irregular. | ||
| 590 | |a Suspesa de 1963 a 1983. | ||
| 590 | |a Descripció basada en: Any 16, núm. 337 (ag. 1928) | ||
| 610 | 2 | 0 | |a Centre Català (Santiago (Xile)) |v Revistes |9 56567 |
| 650 | |a Catalans |x Xile |x Revistes |9 33525 | ||
| 655 | 0 | |9 55823 |a Revistes | |
| 710 | 2 | |a Centre Català (Santiago (Xile)) |9 56566 | |
| 866 | |a 1928 (16, núm 337) | ||
| 901 | |a Arxiu | ||
| 942 | |n 1 |2 udc |c REV | ||
| 952 | |0 0 |1 0 |4 0 |7 1 |9 46308 |a Arxiu |b Arxiu |d 2016-12-01 |h Any 26, núm. 337 (agost 1928) |o Rev-2196 |p 28054 |r 2016-12-01 00:00:00 |w 2016-12-01 |y ARXIU | ||
| 999 | |c 49845 |d 49845 | ||